Нормален изглед
MARC изглед
- Михов, Никола Василев
Вход 01. Лично име
001 - Контролен номер на записа
- Контролно поле: 430068
003 - Код на организацията, даваща контролен номер
- Контролно поле: BLK
005 - Дата и час на последна промяна на записа
- Контролно поле: 20230323154138.0
008 - Данни с фиксирана дължина – обща информация
- Данни с фиксирана дължина : 200820|| aca||aabn | a|a d
100 ## - ИМЕ НА ЛИЦЕ -ПЪРВИЧНА ИНТЕЛЕКТУАЛНА ОТГОВОРНОСТ
- Лично име: Михов, Никола Василев
- Дати, свързани с автора: 1877-1962
942 ## - Системна служебна употреба
- Koha auth type: PERSO_NAME